[Event "ODJM A 2023"]
[Site "Willingen GER"]
[Date "2023.06.01"]
[Round "7"]
[White "Deschler, Arne"]
[Black "Winkler, Yonathan"]
[Result "1/2-1/2"]
[Termination "normal"]
[Board "14"]
[WhiteElo "1767"]
[BlackElo "2007"]
[WhiteClock "01:10:56"]
[BlackClock "00:33:43"]
[PlyCount "58"]
[WhiteFideId "16274415"]
[BlackFideId "16266080"]
[EventCountry "GER"]
[EventRounds "9"]
[EventType "swiss"]
[EventDate "2023.05.27"]

1. e4 {[%clk 01:30:58]} c5 {[%clk 01:30:52]} {[%emt 00:00:09]} 2. Nc3 {[%clk
01:31:23]} {[%emt 00:00:06]} Nc6 {[%clk 01:31:02]} {[%emt 00:00:19]} 3. d3
{[%clk 01:31:40]} {[%emt 00:00:14]} g6 {[%clk 01:30:39]} {[%emt 00:00:52]} 4.
Be3 {[%emt 00:01:00]} d6 5. d4 {[%clk 01:31:54]} cxd4 {[%clk 01:29:18]} {[%emt
00:02:07]} 6. Bxd4 {[%clk 01:31:18]} {[%emt 00:01:05]} Nxd4 {[%clk 01:29:15]}
{[%emt 00:00:33]} 7. Qxd4 {[%clk 01:31:44]} {[%emt 00:00:05]} Nf6 {[%clk
01:29:38]} {[%emt 00:00:07]} 8. e5 {[%clk 01:31:39]} {[%emt 00:00:36]} dxe5
{[%clk 01:28:34]} {[%emt 00:01:33]} 9. Bb5+ {[%clk 01:31:49]} {[%emt 00:00:19]}
Bd7 {[%clk 01:27:27]} {[%emt 00:01:38]} 10. Qxe5 {[%clk 01:32:03]} {[%emt
00:00:16]} a6 {[%clk 01:25:04]} {[%emt 00:02:53]} 11. Bxd7+ {[%clk 01:32:24]}
{[%emt 00:00:07]} Qxd7 {[%clk 01:25:11]} {[%emt 00:00:24]} 12. Nf3 {[%clk
01:32:44]} {[%emt 00:00:10]} Bg7 {[%clk 01:19:09]} {[%emt 00:06:32]} 13. Rd1
{[%clk 01:33:06]} {[%emt 00:00:08]} Qf5 {[%clk 01:18:33]} {[%emt 00:01:04]} 14.
O-O {[%clk 01:33:22]} {[%emt 00:00:16]} Qxe5 {[%clk 01:17:34]} {[%emt
00:01:29]} 15. Nxe5 {[%clk 01:33:46]} {[%emt 00:00:05]} O-O {[%clk 01:17:55]}
{[%emt 00:00:09]} 16. Rd3 {[%clk 01:34:08]} {[%emt 00:00:10]} Rfd8 {[%clk
01:10:50]} {[%emt 00:07:34]} 17. Rfd1 {[%clk 01:27:55]} {[%emt 00:06:43]} Rxd3
{[%clk 01:09:33]} {[%emt 00:01:47]} 18. Rxd3 {[%clk 01:28:23]} Rc8 {[%clk
01:09:42]} {[%emt 00:00:21]} 19. g3 {[%clk 01:28:38]} {[%emt 00:00:16]} Ne8
{[%clk 00:59:37]} {[%emt 00:10:34]} 20. f4 {[%clk 01:27:41]} {[%emt 00:01:29]}
Nd6 {[%clk 00:59:35]} {[%emt 00:00:32]} 21. Nd5 {[%clk 01:19:59]} {[%emt
00:08:11]} Kf8 {[%clk 00:51:28]} {[%emt 00:08:37]} 22. Rc3 {[%clk 01:19:26]}
{[%emt 00:01:03]} Rxc3 {[%clk 00:50:17]} {[%emt 00:01:41]} 23. Nxc3 {[%clk
01:19:12]} {[%emt 00:00:44]} Bxe5 {[%clk 00:50:21]} {[%emt 00:00:26]} 24. fxe5
{[%clk 01:19:41]} {[%emt 00:00:02]} Nc4 {[%clk 00:50:39]} {[%emt 00:00:12]} 25.
Na4 {[%clk 01:18:59]} {[%emt 00:01:11]} b5 {[%clk 00:39:43]} {[%emt 00:11:26]}
26. Nc5 {[%clk 01:17:01]} {[%emt 00:02:29]} a5 {[%clk 00:38:39]} {[%emt
00:01:34]} 27. Nd3 {[%clk 01:13:56]} {[%emt 00:03:34]} Ke8 {[%clk 00:36:19]}
{[%emt 00:02:51]} 28. Kf2 {[%clk 01:10:47]} {[%emt 00:03:38]} Kd7 {[%clk
00:36:20]} {[%emt 00:00:29]} 29. b3 {[%clk 01:10:56]} {[%emt 00:00:22]} Nb6
{[%clk 00:33:43]} {[%emt 00:03:06]} 1/2-1/2

[Event "ODJM A 2023"]
[Site "Willingen GER"]
[Date "2023.06.01"]
[Round "7"]
[White "Lohr, Maximilian"]
[Black "Frohnhäuser, Simon"]
[Result "1-0"]
[Termination "normal"]
[Board "15"]
[WhiteElo "2106"]
[BlackElo "1901"]
[WhiteClock "00:53:04"]
[BlackClock "00:23:53"]
[PlyCount "97"]
[WhiteFideId "12999717"]
[BlackFideId "16208528"]
[EventCountry "GER"]
[EventRounds "9"]
[EventType "swiss"]
[EventDate "2023.05.27"]

1. d4 {[%clk 01:30:57]} d5 {[%clk 01:30:56]} {[%emt 00:00:05]} 2. Nc3 {[%clk
01:31:23]} {[%emt 00:00:05]} Nf6 {[%clk 01:31:20]} {[%emt 00:00:05]} 3. Bf4
{[%clk 01:31:48]} {[%emt 00:00:05]} c5 {[%clk 01:31:44]} {[%emt 00:00:05]} 4.
e4 {[%clk 01:32:08]} {[%emt 00:00:11]} Nxe4 {[%clk 01:32:05]} {[%emt 00:00:09]}
5. Nxe4 {[%clk 01:32:13]} {[%emt 00:00:25]} dxe4 {[%clk 01:32:31]} {[%emt
00:00:04]} 6. dxc5 {[%clk 01:30:29]} {[%emt 00:02:14]} Qa5+ {[%clk 01:32:38]}
{[%emt 00:00:24]} 7. c3 {[%clk 01:30:51]} {[%emt 00:00:07]} Qxc5 {[%clk
01:33:00]} {[%emt 00:00:09]} 8. Qa4+ {[%clk 01:29:54]} {[%emt 00:01:28]} Bd7
{[%clk 01:33:07]} {[%emt 00:00:23]} 9. Qxe4 {[%clk 01:30:10]} {[%emt 00:00:13]}
Bc6 {[%clk 01:33:31]} {[%emt 00:00:06]} 10. Qe3 {[%clk 01:28:03]} {[%emt
00:02:38]} e6 {[%clk 01:33:34]} {[%emt 00:00:27]} 11. Nf3 {[%clk 01:27:07]}
{[%emt 00:01:24]} Qxe3+ {[%clk 01:28:20]} {[%emt 00:05:44]} 12. Bxe3 {[%clk
01:27:26]} {[%emt 00:00:10]} a6 {[%clk 01:28:32]} {[%emt 00:00:20]} 13. Ne5
{[%clk 01:23:44]} {[%emt 00:04:12]} Bd6 {[%clk 01:26:56]} {[%emt 00:02:05]} 14.
Nxc6 {[%clk 01:23:51]} {[%emt 00:00:24]} Nxc6 {[%clk 01:27:23]} {[%emt
00:00:03]} 15. Rd1 {[%clk 01:20:08]} {[%emt 00:04:13]} O-O-O {[%clk 01:27:46]}
{[%emt 00:00:08]} 16. Be2 {[%clk 01:19:32]} {[%emt 00:01:05]} Ne7 {[%clk
01:26:48]} {[%emt 00:01:28]} 17. O-O {[%clk 01:13:26]} {[%emt 00:06:36]} Nd5
{[%clk 01:27:15]} {[%emt 00:00:04]} 18. Bd4 {[%clk 01:11:40]} {[%emt 00:02:15]}
e5 {[%clk 01:19:53]} {[%emt 00:07:53]} 19. Ba7 {[%clk 01:11:53]} {[%emt
00:00:16]} Nf4 {[%clk 01:05:32]} {[%emt 00:14:52]} 20. Bc4 {[%clk 01:09:40]}
{[%emt 00:02:44]} Rhf8 {[%clk 00:58:44]} {[%emt 00:07:17]} 21. a4 {[%clk
01:09:34]} {[%emt 00:00:36]} Rd7 {[%clk 00:44:27]} {[%emt 00:14:48]} 22. Rd2
{[%clk 00:59:51]} {[%emt 00:10:12]} Rfd8 {[%clk 00:31:52]} {[%emt 00:13:05]}
23. Rfd1 {[%clk 00:46:42]} {[%emt 00:13:39]} Ne6 {[%clk 00:31:57]} {[%emt
00:00:25]} 24. Bxe6 {[%clk 00:24:38]} {[%emt 00:22:34]} fxe6 {[%clk 00:32:23]}
{[%emt 00:00:04]} 25. Bb6 {[%clk 00:24:05]} {[%emt 00:01:03]} Bc7 {[%clk
00:32:50]} {[%emt 00:00:03]} 26. Rxd7 {[%clk 00:24:11]} {[%emt 00:00:24]} Rxd7
{[%clk 00:33:18]} {[%emt 00:00:04]} 27. Rxd7 {[%clk 00:24:35]} {[%emt
00:00:05]} Kxd7 {[%clk 00:33:46]} {[%emt 00:00:03]} 28. Bxc7 {[%clk 00:24:57]}
{[%emt 00:00:07]} Kxc7 {[%clk 00:34:13]} {[%emt 00:00:03]} 29. f3 {[%clk
00:21:33]} {[%emt 00:03:53]} Kc6 {[%clk 00:27:48]} {[%emt 00:06:55]} 30. Kf2
{[%clk 00:21:58]} {[%emt 00:00:05]} Kd5 {[%clk 00:28:08]} {[%emt 00:00:10]} 31.
b3 {[%clk 00:22:24]} {[%emt 00:00:04]} e4 {[%clk 00:27:39]} {[%emt 00:00:59]}
32. f4 {[%clk 00:22:46]} {[%emt 00:00:07]} e5 {[%clk 00:09:08]} {[%emt
00:19:02]} 33. f5 {[%clk 00:23:01]} {[%emt 00:00:16]} e3+ {[%clk 00:08:44]}
{[%emt 00:00:53]} 34. Kxe3 {[%clk 00:23:26]} {[%emt 00:00:05]} e4 {[%clk
00:09:11]} {[%emt 00:00:02]} 35. Kf4 {[%clk 00:21:55]} {[%emt 00:02:01]} b5
{[%clk 00:09:09]} {[%emt 00:00:33]} 36. axb5 {[%clk 00:22:05]} {[%emt
00:00:20]} axb5 {[%clk 00:09:36]} {[%emt 00:00:04]} 37. Ke3 {[%clk 00:19:26]}
{[%emt 00:03:08]} h5 {[%clk 00:02:51]} {[%emt 00:07:15]} 38. c4+ {[%clk
00:19:51]} {[%emt 00:00:05]} bxc4 {[%clk 00:03:18]} {[%emt 00:00:04]} 39. bxc4+
{[%clk 00:20:18]} {[%emt 00:00:02]} Ke5 {[%clk 00:03:29]} {[%emt 00:00:20]} 40.
c5 {[%clk 00:20:44]} {[%emt 00:00:04]} Kd5 {[%clk 00:03:57]} {[%emt 00:00:01]}
41. c6 {[%clk 00:21:00]} {[%emt 00:00:14]} Kxc6 {[%clk 00:04:20]} {[%emt
00:00:07]} 42. Kxe4 {[%clk 00:21:26]} {[%emt 00:00:04]} Kd6 {[%clk 00:04:18]}
{[%emt 00:00:32]} 43. g3 {[%clk 00:21:06]} {[%emt 00:00:51]} Ke7 {[%clk
00:03:41]} {[%emt 00:01:07]} 44. Kf4 {[%clk 00:21:22]} {[%emt 00:00:13]} Kf6
{[%clk 00:04:07]} {[%emt 00:00:04]} 45. h4 {[%clk 00:21:26]} {[%emt 00:00:26]}
g6 {[%clk 00:22:38]} {[%emt 00:11:59]} 46. fxg6 {[%clk 00:51:52]} {[%emt
00:00:05]} Kxg6 {[%clk 00:23:04]} {[%emt 00:00:03]} 47. Ke5 {[%clk 00:52:16]}
{[%emt 00:00:06]} Kg7 {[%clk 00:23:27]} {[%emt 00:00:07]} 48. Kf5 {[%clk
00:52:37]} {[%emt 00:00:08]} Kh6 {[%clk 00:23:53]} {[%emt 00:00:04]} 49. Kf6
{[%clk 00:53:04]} 1-0

[Event "ODJM A 2023"]
[Site "Willingen GER"]
[Date "2023.06.01"]
[Round "7"]
[White "Astner, Sebastian"]
[Black "Hoffmann, Kay"]
[Result "0-1"]
[Termination "normal"]
[Board "16"]
[WhiteElo "1897"]
[BlackElo "1805"]
[WhiteClock "00:21:39"]
[BlackClock "00:41:24"]
[PlyCount "104"]
[WhiteFideId "12979422"]
[BlackFideId "16227000"]
[EventCountry "GER"]
[EventRounds "9"]
[EventType "swiss"]
[EventDate "2023.05.27"]

1. d4 {[%clk 01:30:56]} {[%emt 00:00:04]} Nf6 {[%clk 01:30:54]} {[%emt
00:00:07]} 2. Nc3 {[%clk 01:31:23]} {[%emt 00:00:03]} d5 {[%clk 01:30:05]}
{[%emt 00:01:20]} 3. Bf4 {[%clk 01:31:49]} {[%emt 00:00:04]} e6 {[%clk
01:30:08]} {[%emt 00:00:28]} 4. e3 {[%clk 01:32:06]} {[%emt 00:00:13]} Bd6
{[%clk 01:29:49]} {[%emt 00:00:48]} 5. Qf3 {[%clk 01:31:36]} {[%emt 00:01:00]}
a6 {[%clk 01:28:29]} {[%emt 00:01:51]} 6. g4 {[%clk 01:31:48]} {[%emt
00:00:18]} h5 {[%clk 01:26:05]} {[%emt 00:02:54]} 7. g5 {[%clk 01:31:17]}
{[%emt 00:01:01]} Ng8 {[%clk 01:26:29]} {[%emt 00:00:06]} 8. g6 {[%clk
01:29:31]} {[%emt 00:02:16]} f6 {[%clk 01:22:06]} {[%emt 00:04:54]} 9. Nh3
{[%clk 01:25:01]} {[%emt 00:05:00]} Ne7 {[%clk 01:21:29]} {[%emt 00:01:06]} 10.
Rg1 {[%clk 01:24:29]} {[%emt 00:01:03]} c6 {[%clk 01:20:57]} {[%emt 00:01:02]}
11. O-O-O {[%clk 01:22:38]} {[%emt 00:02:21]} e5 {[%clk 01:17:45]} {[%emt
00:03:42]} 12. dxe5 {[%clk 01:08:44]} {[%emt 00:14:23]} Bg4 {[%clk 01:18:08]}
{[%emt 00:00:07]} 13. Rxg4 {[%clk 01:09:02]} {[%emt 00:00:12]} hxg4 {[%clk
01:18:31]} {[%emt 00:00:07]} 14. Qxg4 {[%clk 01:09:27]} {[%emt 00:00:04]} fxe5
{[%clk 01:17:15]} {[%emt 00:01:47]} 15. Bg3 {[%clk 01:04:40]} {[%emt 00:05:18]}
Qd7 {[%clk 01:16:53]} {[%emt 00:00:51]} 16. Qg5 {[%clk 01:04:07]} {[%emt
00:01:04]} Rxh3 {[%clk 01:11:47]} {[%emt 00:05:35]} 17. Bxh3 {[%clk 01:02:40]}
{[%emt 00:01:57]} Qxh3 {[%clk 01:12:05]} {[%emt 00:00:12]} 18. Ne4 {[%clk
00:59:42]} {[%emt 00:03:29]} Bc7 {[%clk 01:03:34]} {[%emt 00:09:01]} 19. Bxe5
{[%clk 00:40:53]} {[%emt 00:19:18]} Bxe5 {[%clk 01:02:58]} {[%emt 00:01:06]}
20. Qxe5 {[%clk 00:41:14]} {[%emt 00:00:09]} dxe4 {[%clk 01:03:18]} {[%emt
00:00:10]} 21. Qxg7 {[%clk 00:41:28]} {[%emt 00:00:16]} Qe6 {[%clk 01:02:49]}
{[%emt 00:00:59]} 22. Qh8+ {[%clk 00:41:20]} {[%emt 00:00:39]} Qg8 {[%clk
01:03:12]} {[%emt 00:00:06]} 23. g7 {[%clk 00:41:45]} {[%emt 00:00:05]} Nd7
{[%clk 00:40:33]} {[%emt 00:23:08]} 24. Qh5+ {[%clk 00:28:06]} {[%emt
00:14:09]} Kd8 {[%clk 00:31:37]} {[%emt 00:09:27]} 25. Qg5 {[%clk 00:25:43]}
{[%emt 00:02:52]} Qf7 {[%clk 00:29:13]} {[%emt 00:02:54]} 26. h4 {[%clk
00:24:44]} {[%emt 00:01:30]} Ke8 {[%clk 00:22:38]} {[%emt 00:07:05]} 27. h5
{[%clk 00:18:38]} {[%emt 00:06:35]} Nf6 {[%clk 00:22:17]} {[%emt 00:00:51]} 28.
h6 {[%clk 00:13:45]} {[%emt 00:05:24]} Rd8 {[%clk 00:22:10]} {[%emt 00:00:37]}
29. Rg1 {[%clk 00:12:05]} {[%emt 00:02:10]} Qd5 {[%clk 00:21:23]} {[%emt
00:01:16]} 30. Qxd5 {[%clk 00:08:21]} {[%emt 00:04:14]} cxd5 {[%clk 00:21:48]}
{[%emt 00:00:06]} 31. g8=Q+ {[%emt 00:00:52]} Nexg8 {[%clk 00:21:23]} {[%emt
00:00:53]} 32. Rxg8+ {[%clk 00:08:15]} {[%emt 00:00:18]} Ke7 {[%clk 00:21:31]}
{[%emt 00:00:20]} 33. Rg7+ {[%clk 00:08:14]} {[%emt 00:00:31]} Ke6 {[%clk
00:21:40]} {[%emt 00:00:21]} 34. Rxb7 {[%clk 00:07:51]} {[%emt 00:00:53]} Rh8
{[%clk 00:22:04]} {[%emt 00:00:05]} 35. Rb6+ {[%clk 00:08:08]} {[%emt
00:00:14]} Ke5 {[%clk 00:22:30]} {[%emt 00:00:04]} 36. Rxa6 {[%clk 00:08:13]}
{[%emt 00:00:26]} Rxh6 {[%clk 00:22:55]} {[%emt 00:00:04]} 37. b4 {[%clk
00:06:08]} {[%emt 00:02:36]} Rh2 {[%clk 00:21:42]} {[%emt 00:01:43]} 38. b5
{[%clk 00:04:55]} {[%emt 00:01:43]} Rxf2 {[%clk 00:21:03]} {[%emt 00:01:08]}
39. Rc6 {[%clk 00:04:34]} {[%emt 00:00:51]} Nd7 {[%clk 00:20:33]} {[%emt
00:01:00]} 40. b6 {[%clk 00:04:23]} {[%emt 00:00:42]} Rf6 {[%clk 00:20:28]}
{[%emt 00:00:34]} 41. Rxf6 {[%clk 00:04:00]} {[%emt 00:00:53]} Kxf6 {[%clk
00:20:36]} {[%emt 00:00:22]} 42. b7 {[%clk 00:04:07]} {[%emt 00:00:22]} Ke6
{[%clk 00:21:01]} {[%emt 00:00:05]} 43. Kd2 {[%clk 00:04:28]} {[%emt 00:00:10]}
Kd6 {[%clk 00:19:31]} {[%emt 00:02:00]} 44. Kc3 {[%clk 00:04:39]} {[%emt
00:00:20]} Nb8 {[%clk 00:19:35]} {[%emt 00:00:25]} 45. a4 {[%clk 00:03:19]}
{[%emt 00:01:51]} Kc5 {[%clk 00:08:42]} {[%emt 00:11:22]} 46. Kb3 {[%clk
00:20:04]} {[%emt 00:13:45]} d4 {[%clk 00:39:05]} {[%emt 00:00:07]} 47. exd4+
{[%clk 00:20:31]} {[%emt 00:00:02]} Kxd4 {[%clk 00:39:30]} {[%emt 00:00:06]}
48. Kb2 {[%clk 00:20:57]} {[%emt 00:00:04]} Ke3 {[%clk 00:39:52]} {[%emt
00:00:08]} 49. c4 {[%clk 00:21:19]} {[%emt 00:00:08]} Kd4 {[%clk 00:40:17]}
{[%emt 00:00:06]} 50. a5 {[%clk 00:20:46]} {[%emt 00:01:02]} Kxc4 {[%clk
00:40:36]} {[%emt 00:00:10]} 51. Kc2 {[%clk 00:21:13]} {[%emt 00:00:04]} e3
{[%clk 00:40:59]} {[%emt 00:00:07]} 52. Kd1 {[%clk 00:21:39]} {[%emt 00:00:04]}
Kd3 {[%clk 00:41:24]} {[%emt 00:00:05]} 0-1

[Event "ODJM A 2023"]
[Site "Willingen GER"]
[Date "2023.06.01"]
[Round "7"]
[White "Longo, Massimo"]
[Black "Mühlich, Cornelius"]
[Result "1-0"]
[Termination "normal"]
[Board "17"]
[WhiteElo "1890"]
[BlackElo "1910"]
[WhiteClock "00:04:00"]
[BlackClock "00:02:25"]
[PlyCount "89"]
[WhiteFideId "16205227"]
[BlackFideId "12963712"]
[EventCountry "GER"]
[EventRounds "9"]
[EventType "swiss"]
[EventDate "2023.05.27"]

1. d4 {[%clk 01:30:57]} {[%emt 00:00:03]} d5 {[%clk 01:30:58]} {[%emt
00:00:02]} 2. Nc3 {[%clk 01:31:20]} {[%emt 00:00:07]} Nf6 {[%clk 01:31:12]}
{[%emt 00:00:16]} 3. Bf4 {[%clk 01:31:43]} {[%emt 00:00:06]} Bf5 {[%clk
01:31:14]} {[%emt 00:00:29]} 4. e3 {[%clk 01:31:57]} {[%emt 00:00:16]} e6
{[%clk 01:31:10]} {[%emt 00:00:34]} 5. f3 {[%clk 01:31:49]} {[%emt 00:00:38]}
a6 {[%clk 01:30:13]} {[%emt 00:01:28]} 6. g4 {[%clk 01:30:08]} {[%emt
00:02:10]} Bg6 {[%clk 01:30:35]} {[%emt 00:00:08]} 7. h4 {[%clk 01:30:35]}
{[%emt 00:00:04]} h5 {[%clk 01:25:51]} {[%emt 00:05:13]} 8. g5 {[%clk
01:30:27]} {[%emt 00:00:38]} Nfd7 {[%clk 01:26:09]} {[%emt 00:00:13]} 9. Nh3
{[%clk 01:29:46]} {[%emt 00:01:11]} c5 {[%clk 01:24:43]} {[%emt 00:01:56]} 10.
Bd3 {[%clk 01:25:12]} {[%emt 00:05:03]} Bxd3 {[%clk 01:23:08]} {[%emt
00:02:05]} 11. Qxd3 {[%clk 01:25:29]} {[%emt 00:00:13]} Nc6 {[%clk 01:21:38]}
{[%emt 00:02:00]} 12. O-O-O {[%clk 01:22:56]} {[%emt 00:03:03]} Qa5 {[%clk
01:18:59]} {[%emt 00:03:09]} 13. g6 {[%clk 01:16:22]} {[%emt 00:07:04]} f6
{[%clk 01:14:17]} {[%emt 00:05:12]} 14. Kb1 {[%clk 00:42:56]} {[%emt 00:33:56]}
b5 {[%clk 01:04:47]} {[%emt 00:10:01]} 15. dxc5 {[%clk 00:32:32]} {[%emt
00:10:54]} Nxc5 {[%clk 01:01:08]} {[%emt 00:04:08]} 16. Qd2 {[%clk 00:31:54]}
{[%emt 00:01:08]} Rd8 {[%clk 00:57:13]} {[%emt 00:04:25]} 17. Qh2 {[%clk
00:30:50]} {[%emt 00:01:35]} Rd7 {[%clk 00:53:41]} {[%emt 00:04:02]} 18. Bg3
{[%clk 00:26:51]} {[%emt 00:04:29]} b4 {[%clk 00:50:38]} {[%emt 00:03:32]} 19.
Ne2 {[%clk 00:27:12]} {[%emt 00:00:09]} Qb6 {[%clk 00:48:37]} {[%emt 00:02:32]}
20. Rd2 {[%clk 00:22:02]} {[%emt 00:05:40]} Na4 {[%clk 00:45:09]} {[%emt
00:03:57]} 21. Rd3 {[%clk 00:19:38]} {[%emt 00:02:54]} Nc5 {[%clk 00:37:34]}
{[%emt 00:08:05]} 22. Rd2 {[%clk 00:20:00]} {[%emt 00:00:08]} a5 {[%clk
00:29:44]} {[%emt 00:08:20]} 23. e4 {[%clk 00:16:29]} {[%emt 00:04:02]} dxe4
{[%clk 00:26:19]} {[%emt 00:03:55]} 24. Rxd7 {[%clk 00:16:51]} {[%emt
00:00:08]} Nxd7 {[%clk 00:26:13]} {[%emt 00:00:34]} 25. fxe4 {[%clk 00:15:42]}
{[%emt 00:01:41]} e5 {[%clk 00:25:22]} {[%emt 00:01:21]} 26. Bf2 {[%clk
00:12:14]} {[%emt 00:03:57]} Qb5 {[%clk 00:24:05]} {[%emt 00:01:47]} 27. Ng3
{[%clk 00:11:21]} {[%emt 00:01:23]} a4 {[%clk 00:23:34]} {[%emt 00:01:02]} 28.
Rd1 {[%clk 00:06:41]} {[%emt 00:05:10]} Nd4 {[%clk 00:15:53]} {[%emt 00:08:10]}
29. Bxd4 exd4 {[%clk 00:16:22]} 30. Nf5 {[%clk 00:05:01]} {[%emt 00:00:44]} Qe5
{[%clk 00:12:56]} {[%emt 00:03:56]} 31. Qd2 {[%clk 00:04:57]} {[%emt 00:00:33]}
Bc5 {[%clk 00:07:17]} {[%emt 00:06:10]} 32. Nxg7+ {[%clk 00:05:11]} {[%emt
00:00:17]} Kd8 {[%clk 00:07:08]} {[%emt 00:00:38]} 33. Nf4 {[%clk 00:05:26]}
{[%emt 00:00:15]} b3 {[%clk 00:03:57]} {[%emt 00:03:42]} 34. Nge6+ {[%clk
00:04:25]} {[%emt 00:01:30]} Kc8 {[%clk 00:03:17]} {[%emt 00:01:10]} 35. Nxc5
{[%clk 00:04:02]} {[%emt 00:00:55]} bxa2+ {[%clk 00:02:28]} {[%emt 00:01:18]}
36. Kxa2 {[%clk 00:03:20]} {[%emt 00:01:11]} Nxc5 {[%clk 00:02:01]} {[%emt
00:00:57]} 37. Qxd4 {[%clk 00:03:24]} {[%emt 00:00:25]} Nxe4 {[%clk 00:01:47]}
{[%emt 00:00:45]} 38. Qxe5 {[%clk 00:03:16]} {[%emt 00:00:39]} fxe5 {[%clk
00:02:15]} {[%emt 00:00:02]} 39. g7 {[%clk 00:03:32]} {[%emt 00:00:13]} Rg8
{[%clk 00:02:36]} {[%emt 00:00:09]} 40. Nxh5 {[%clk 00:03:56]} {[%emt
00:00:07]} Nc5 {[%clk 00:02:16]} {[%emt 00:00:49]} 41. Rd5 {[%clk 00:03:04]}
{[%emt 00:01:22]} Ne6 {[%clk 00:01:38]} {[%emt 00:01:08]} 42. Rxe5 {[%clk
00:03:16]} {[%emt 00:00:19]} Kd7 {[%clk 00:01:27]} {[%emt 00:00:41]} 43. Nf6+
{[%clk 00:03:17]} {[%emt 00:00:28]} Kd6 {[%clk 00:01:56]} 44. Rxe6+ Kxe6 {[%clk
00:02:25]} 45. Nxg8 {[%clk 00:04:00]} {[%emt 00:00:07]} 1-0